Alle argentinischen Fußballer in der Buli seit 2001 - Statistiken

Allgemein
  • Dieses Quiz wurde 54 mal gespielt
  • Das Durchschnittsergebnis liegt bei 8 aus 34
Antwortstatistiken
Debüt Vereine Spielername % Korrekt
2020 Leverkusen Palacios
76%
2003 Bayern Demichelis
71%
2013 Werder, Schalke Di Santo
63%
2013 Hoffenhein, Frankfurt Abraham
46%
2017 Stuttgart, Hertha Ascacibar
44%
2007 Bayern Sosa
44%
2017 Leverkusen, Frankfurt Alario
41%
2001 Wolfsburg, Dortmund, Bochum Klimowicz
39%
2019 BVB Balerdi
34%
2024 Werder Malatini
34%
2018 Stuttgart Gonzalez
32%
2001 Leverkusen Placente
29%
2014 Mainz De Blasis
27%
2006 Gladbach Insua
27%
2015 Stuttgart Insua
27%
2005 Nürnberg Pinola
27%
2003 Wolfsburg D'Alessandro
22%
2013 Werder Garcia
22%
2006 HSV Sorin
20%
2002 HSV Romeo
17%
2003 Wolfsburg Menseguez
15%
2006 Hertha Gimenez
10%
2009 Hoffenheim Zuculini
10%
2018 Stuttgart Maffeo
7%
2001 Schalke Matellan
7%
2004 Wolfsburg Quiroga
7%
2002 BVB Fernandez
5%
2002 HSV Ledesma
5%
2003 Wolfsburg Quattrocchi
5%
2004 Wolfsburg Ahumada
2%
2003 Stuttgart Centurion
2%
2008 Duisburg Avalos
0%
2001 St. Pauli Cenci
0%
2009 Hertha Cufre
0%
Keine übereinstimmenden Quizze gefunden
Verteilung der Resultate
Anzahl Personen mit jedem Resultat
Perzentil nach korrekt beantworteten Fragen
Ihre Resultats-Entwicklung
Sie haben dieses Quiz noch nicht gespielt